|
|
|
|
| LEADER |
01819nam a2200469 i 4500 |
| 001 |
EBC1914642 |
| 003 |
MiAaPQ |
| 005 |
20200520144314.0 |
| 006 |
m o d | |
| 007 |
cr cnu|||||||| |
| 008 |
150310t20102010gw ob 000 0 ger d |
| 020 |
|
|
|z 9783837613704
|
| 020 |
|
|
|a 9783839413708 (e-book)
|
| 035 |
|
|
|a (MiAaPQ)EBC1914642
|
| 035 |
|
|
|a (Au-PeEL)EBL1914642
|
| 035 |
|
|
|a (CaPaEBR)ebr11015492
|
| 035 |
|
|
|a (CaONFJC)MIL631790
|
| 035 |
|
|
|a (OCoLC)904406271
|
| 040 |
|
|
|a MiAaPQ
|b eng
|e rda
|e pn
|c MiAaPQ
|d MiAaPQ
|
| 050 |
|
4 |
|a LC1037
|b .B47 2010
|
| 082 |
0 |
|
|a 370.113
|2 23
|
| 245 |
0 |
0 |
|a Berufsbildungsforschung :
|b ate und neue Fragen eines Forschungsfeldes /
|c Peter Schlogl, Krisztina Der (Hg.).
|
| 264 |
|
1 |
|a Bielefeld, [Germany] :
|b transcript,
|c 2010.
|
| 264 |
|
4 |
|c 2010
|
| 300 |
|
|
|a 1 online resource (286 pages).
|
| 336 |
|
|
|a text
|2 rdacontent
|
| 337 |
|
|
|a computer
|2 rdamedia
|
| 338 |
|
|
|a online resource
|2 rdacarrier
|
| 490 |
1 |
|
|a Science Studies
|
| 504 |
|
|
|a Includes bibliographical references.
|
| 588 |
|
|
|a Description based on print version record.
|
| 590 |
|
|
|a Electronic reproduction. Ann Arbor, MI : ProQuest, 2015. Available via World Wide Web. Access may be limited to ProQuest affiliated libraries.
|
| 650 |
|
0 |
|a Career education
|x Research.
|
| 650 |
|
0 |
|a Career development.
|
| 650 |
|
0 |
|a Vocational guidance.
|
| 655 |
|
4 |
|a Electronic books.
|
| 700 |
1 |
|
|a Schlogl, Peter,
|d 1967-
|e editor.
|
| 700 |
1 |
|
|a Der, Krisztina,
|e editor.
|
| 776 |
0 |
8 |
|i Print version:
|d Bielefeld, [Germany] : transcript, c2011
|h 282 pages
|k Science studies (Bielefeld, Germany)
|z 9783837613704
|w 2010536421
|
| 797 |
2 |
|
|a ProQuest (Firm)
|
| 830 |
|
0 |
|a Science studies (Bielefeld, Germany)
|
| 856 |
4 |
0 |
|u https://ebookcentral.proquest.com/lib/matrademy/detail.action?docID=1914642
|z Click to View
|